Представление документа в формате MARC21

Поле Инд. ПП Название Значение
Тип записи a
Библиографический уровень a
001 Контрольный номер RU/IS/BASE/264552117
005 Дата корректировки 20240305094311.7
008 Кодируемые данные 19981014
040 00 e Правила каталог. Т 981014
084 a Индекс другой классификации/Индекс ББК 63.3(0)32
090 00 a Полочн. индекс 63.3(0)3я43
x Авторский знак В 387
100 10 a Автор Эванс А.
245 00 a Заглавие Критское линейное письмо
650 04 a Основная рубрика история
653 00 a Ключевые слова античность
a Ключевые слова глиняные таблички
a Ключевые слова древний мир
a Ключевые слова Древняя Греция
a Ключевые слова исследования
a Ключевые слова Кносс
a Ключевые слова Крит
a Ключевые слова крито-микенская культура
a Ключевые слова линейное письмо
a Ключевые слова минойская культура
a Ключевые слова периодизация
a Ключевые слова пиктография
a Ключевые слова письменность
a Ключевые слова раскопки
a Ключевые слова расшифровка
a Ключевые слова система счета
a Ключевые слова эгейская культура
773 00 d Дата издания источника Санкт-Петербург, 1939
g Прочая информация Т.3(8), 4(9). - С. 10-39
t Заглавие источника Вестник древней истории
w Контрольный № источника RU/IS/BASE/101818640
901 t Тип документа a